Premier League Appearances by Nation: Wales - Statistics

General Stats
  • This quiz has been taken 24 times
  • The average score is 5 of 10
Answer Stats
Appearances Player % Correct
632 Ryan Giggs
95%
262 Aaron Ramsey
62%
316 Ben Davies
57%
294 Craig Bellamy
57%
303 Simon Davies
57%
535 Gary Speed
52%
241 Ashley Williams
43%
297 Mark Hughes
43%
346 Robbie Savage
33%
279 James Collins
24%
No matching quizzes found
Score Distribution
Percent of People with Each Score
Percentile by Number Answered
Your Score History
You have not taken this quiz